La réponse commence par Z - Statistiques

Statistiques générales
  • Ce quiz a été pris 795 fois
  • Le résultat moyen est 13 sur 20
Statistiques - réponses
Indices Réponses % Correct
Valeur nulle Zéro
98%
Etude scientifique des animaux Zoologie
97%
Il signe d'un Z à la pointe de son épée Zorro
97%
Équidé africain noir pourvu de rayures blanches Zèbre
96%
Personne décédée revenue à la vie pour dévorer des humains Zombie
92%
Capitale de la Croatie Zagreb
88%
Dernier pays par ordre alphabétique Zimbabwe
88%
Métal dont le symbole chimique est Zn Zinc
84%
Endroit où l'armée américaine cacherait des choses relatives aux extraterrestres Zone 51
70%
Discorde entre des personnes dans un groupe Zizanie
63%
Sport inventé par un danseur et chorégaphe colombien dans les années 1990 Zumba
63%
Muscle de la joue Zygomatique
62%
La plus célèbre marque de briquet américain Zippo
59%
Dirigeable allemand Zeppelin
51%
Chien à ressort dans Toy Story Zig-Zag
43%
Unité monétaire polonaise Zloty
43%
Film d'animation Disney dans lequel un gros clin d'oeil est fait à la série TV Breaking Bad Zootopie
42%
Réglementation de la répartition d'un territoire en zones urbaines Zoning
16%
Ennemi de Spirou qui possède à présent sa propre série de bandes dessinée Zorglub
13%
Discipline qui a pour champ d’étude la fabrication, la dégustation et la culture de la bière Zythologie
6%
Aucun quiz correspondant
Distribution des résultats
% des personnes avec chaque résultat
Percentile par nombre de réponses
Votre historique - résultats
Vous n’avez pas pris ce quiz